Geometric topology : 1993 Georgia International Topology Conference, August 2-13, 1993, University of Georgia, Athens Georgia
Αποθηκεύτηκε σε:
| Συγγραφή απο Οργανισμό/Αρχή: | |
|---|---|
| Άλλοι συγγραφείς: | |
| Μορφή: | Πρακτικό Συνεδρίου Βιβλίο |
| Γλώσσα: | English |
| Δημοσίευση: |
Providence, R.I. :
American Mathematical Society : International Press,
c1997
|
| Σειρά: | AMS/IP studies in advanced mathematics ;
; 2.1-2.2 |
| Θέματα: | |
| Ετικέτες: |
Προσθήκη ετικέτας
Δεν υπάρχουν, Καταχωρήστε ετικέτα πρώτοι!
|
MARC
| LEADER | 00000nam a2200000 i 4500 | ||
|---|---|---|---|
| 001 | 1/74497 | ||
| 008 | 990504s1997 eng d | ||
| 020 | |a 0-8218-0654-8 | ||
| 020 | |a 0-8218-0653-X | ||
| 035 | |l 10049085 | ||
| 040 | |a GR-MY-UA |b gre |e aacr | ||
| 041 | 0 | |a eng | |
| 082 | 0 | |a 514 | |
| 111 | 2 | |a Georgia International Topology Conference |d (1993 : |c University of Georgia) | |
| 245 | 1 | 0 | |a Geometric topology : |b 1993 Georgia International Topology Conference, August 2-13, 1993, University of Georgia, Athens Georgia / |c William H. Kazez, editor |
| 260 | |a Providence, R.I. : |b American Mathematical Society : International Press, |c c1997 | ||
| 300 | |a 2 τ.; |b εικ.; |c 26 εκ. | ||
| 490 | 1 | |a AMS/IP studies in advanced mathematics |v ; 2.1-2.2 | |
| 504 | |a IΠεριέχει βιβλιογραφικές αναφορές και ευρετήρια | ||
| 650 | 0 | 0 | |a Topology |x Congresses. |
| 700 | 1 | |a Kazez, William H. |q (William Hilal) |d 1954- |4 edt | |
| 830 | 0 | |a AMS/IP studies in advanced mathematics ; |v ; 2.1-2.2 | |
| 852 | |a INST |b SAMOS |e 19990504 |h 514 GEO |p 005300012776 |q 005300012776 |t BK |y 0 |z τ.2 part 1 | ||
| 852 | |a INST |b SAMOS |e 19990504 |h 514 GEO |p 005300012783 |q 005300012783 |t BK |y 0 |z τ.2 part 2 | ||
| 852 | |a INST |b SAMOS |e 19990504 |h 514 GEO |p 005300014272 |q 005300014272 |t BK |y 0 |z τ.2 part 1 | ||
| 852 | |a INST |b SAMOS |e 19990504 |h 514 GEO |p 005300014274 |q 005300014274 |t BK |y 0 |z τ.2 part 2 | ||
| 852 | |a INST |b SAMOS |e 20000404 |h 514 GEO |p 005300017765 |q 005300017765 |t BK |y 0 |z τ.2 part 2 | ||
| 852 | |a INST |b SAMOS |e 20000404 |h 514 GEO |p 005300017766 |q 005300017766 |t BK |y 0 |z τ.2 part 1 | ||
| 852 | |a INST |b SAMOS |e 20071220 |h 514 GEO |p 005300027481 |q 005300027481 |t BK |y 0 |z τ.2 part 1 | ||
| 852 | |a INST |b SAMOS |e 20071220 |h 514 GEO |p 005300027482 |q 005300027482 |t BK |y 0 |z τ.2 part 2 | ||
| 852 | |a INST |b SAMOS |e 19990504 |h 514 GEO |p 005300012776 |q 005300012776 |t BK |v τ.2 part 1: |y 0 |z τ.2 part 1 | ||
| 852 | |a INST |b SAMOS |e 19990504 |h 514 GEO |p 005300012783 |q 005300012783 |t BK |v τ.2 part 2: |y 0 |z τ.2 part 2 | ||
| 852 | |a INST |b SAMOS |e 19990504 |h 514 GEO |p 005300014272 |q 005300014272 |t BK |v τ.2 part 1: |y 0 |z τ.2 part 1 | ||
| 852 | |a INST |b SAMOS |e 19990504 |h 514 GEO |p 005300014274 |q 005300014274 |t BK |v τ.2 part 2: |y 0 |z τ.2 part 2 | ||
| 852 | |a INST |b SAMOS |e 20000404 |h 514 GEO |p 005300017765 |q 005300017765 |t BK |v τ.2 part 2: |y 0 |z τ.2 part 2 | ||
| 852 | |a INST |b SAMOS |e 20000404 |h 514 GEO |p 005300017766 |q 005300017766 |t BK |v τ.2 part 1: |y 0 |z τ.2 part 1 | ||
| 852 | |a INST |b SAMOS |e 20071220 |h 514 GEO |p 005300027481 |q 005300027481 |t BK |v τ.2 part 1: |y 0 |z τ.2 part 1 | ||
| 852 | |a INST |b SAMOS |e 20071220 |h 514 GEO |p 005300027482 |q 005300027482 |t BK |v τ.2 part 2: |y 0 |z τ.2 part 2 | ||
| 853 | |a INST |b SAMOS |h 514 GEO | ||
| 901 | |a BIBL3-2007-3 | ||
| 901 | |a BIBL3-1999-2 | ||
| 901 | |a BIBL3-2000-1 | ||
| 909 | |a Σ |b 140421 | ||
| 909 | |a Σ |b 140420 | ||
| 909 | |a Σ |b 063660 | ||
| 909 | |a Σ |b 063661 | ||
| 909 | |a Σ |b 063662 | ||
| 909 | |a Σ |b 063663 | ||
| 909 | |a Σ |b 077135 | ||
| 909 | |a Σ |b 077136 | ||
| 922 | |a 3ΕΛΗ |b 200711 |c ΕΠΕΑΕΚ2/ΤΜΗΜΑ ΜΑΘΗΜΑΤΙΚΩΝ |d ΕΛΕΥΘΕΡΟΥΔΑΚΗΣ | ||
| 922 | |a 3ΕΛΗ |b 199901 |c ΚΠΣ |d GLORY | ||
| 922 | |a 3ΕΛΗ |b 200003 |c ΚΠΣ |d LEADER | ||
| 950 | |a 116-1998-08-10 | ||
| 970 | |a ΠΟΥΡΝΑΡΑΣ |b ΔΗΜΗΤΡΗΣ |z 2000/04/04 | ||